La canción de la lluvia y la de los ojos oblicuos / (Record no. 39512)
[ view plain ]
| 000 -CABECERA | |
|---|---|
| campo de control de longitud fija | 00713nam a2200193 a 4500 |
| 001 - NÚMERO DE CONTROL | |
| campo de control | 000040022 |
| 005 - FECHA Y HORA DE LA ÚLTIMA TRANSACCIÓN | |
| campo de control | 20201002033853.0 |
| 008 - DATOS DE LONGITUD FIJA--INFORMACIÓN GENERAL | |
| campo de control de longitud fija | 130802s2007 mx 000 0 spa d |
| 020 ## - NÚMERO INTERNACIONAL ESTÁNDAR DEL LIBRO | |
| Número Internacional Estándar del Libro | 9789703251223 |
| 040 ## - FUENTE DE LA CATALOGACIÓN | |
| Centro catalogador/agencia de origen | DO-SdBNP |
| Lengua de catalogación | spa |
| Centro/agencia transcriptor | BNPHU |
| 100 1# - ENTRADA PRINCIPAL--NOMBRE DE PERSONA | |
| Nombre de persona | Jiménez, Guillermo |
| 9 (RLIN) | 66256 |
| 245 10 - MENCIÓN DE TÍTULO | |
| Título | La canción de la lluvia y la de los ojos oblicuos / |
| Mención de responsabilidad, etc. | Guillermo Jiménez ; introducción Antonio Saborit. |
| 260 ## - PUBLICACIÓN, DISTRIBUCIÓN, ETC. | |
| Lugar de publicación, distribución, etc. | México : |
| Nombre del editor, distribuidor, etc. | Universidad Nacional Autónoma de México, |
| Fecha de publicación, distribución, etc. | 2007. |
| 300 ## - DESCRIPCIÓN FÍSICA | |
| Extensión | 65 p. ; |
| Dimensiones | 18 cm. |
| 490 1# - MENCIÓN DE SERIE | |
| Mención de serie | Relato Licenciado Vidriera |
| Designación de volumen o secuencia | 45 |
| 700 1# - PUNTO DE ACCESO ADICIONAL--NOMBRE DE PERSONA | |
| Nombre de persona | Saborit, Antonio |
| Término indicativo de función/relación | intr. |
| 9 (RLIN) | 66257 |
| 710 2# - PUNTO DE ACCESO ADICIONAL--NOMBRE DE ENTIDAD CORPORATIVA | |
| Nombre de entidad corporativa o nombre de jurisdicción como elemento de entrada | Universidad Nacional Autónoma de México |
| 9 (RLIN) | 42447 |
| 830 #0 - PUNTO DE ACCESO ADICIONAL DE SERIE-TÍTULO UNIFORME | |
| Título uniforme | Relato Licenciado Vidriera |
| Designación de volumen o secuencia | 45 |
| 9 (RLIN) | 66234 |
| Estado de retiro | Estado de pérdida | Restricciones de uso | No para préstamo | Código de colección | Localización permanente | Ubicación/localización actual | Ubicación en estantería | Fecha de adquisición | Número de inventario | Total de préstamos | Signatura topográfica completa | Código de barras | Fecha visto por última vez | Número de copia | Precio válido a partir de | Tipo de ítem Koha |
|---|---|---|---|---|---|---|---|---|---|---|---|---|---|---|---|---|
| Excluido de préstamo | Monografías: Libros y Folletos | General | General | En catalogación | 02.08.2013 | LF1 | 40022-10 | 25.06.2020 | e. 2 | 25.06.2020 | No se presta | |||||
| Excluido de préstamo | Monografías: Libros y Folletos | General | General | En catalogación | 02.08.2013 | LF1 | 40022-20 | 25.06.2020 | e. 3 | 25.06.2020 | No se presta | |||||
| Excluido de préstamo | Monografías: Libros y Folletos | General | General | En catalogación | 02.08.2013 | LF1 | 40022-30 | 25.06.2020 | 25.06.2020 | No se presta |
